| 000 | 00646pam a2200205 4500 | ||
|---|---|---|---|
| 020 | _a0813807956 | ||
| 082 | 0 | 0 |
_a627 _bHJE _cL-NUST, P-15 |
| 100 | 1 |
_aHjelmfelt, A. T., _943935 |
|
| 245 | 1 | 0 |
_aHydrology for engineers and planners _c[by] A. T. Hjelmfelt, Jr. [and] J. J. Cassidy. |
| 250 | _a[1st ed.] | ||
| 260 |
_aAmes, _bIowa State University Press, _c1975. |
||
| 300 |
_ax, 210 p. _billus. _c23 cm. |
||
| 526 |
_a0 _b0 _c0 _d627_000000000000000_HJE |
||
| 526 |
_a0 _b0 _c0 _d627_000000000000000_HJE |
||
| 650 | 0 | _aCivil engineering. | |
| 650 | 0 | _aHydrology. | |
| 650 | 0 |
_aMCE _9379 |
|
| 700 | 1 |
_aCassidy, John Joseph, _943936 |
|
| 942 |
_2ddc _cBK |
||
| 999 |
_c547805 _d547805 |
||